Statistics for Largest Cities In The Baltic States

Click here to take the quiz!

General Stats

  • This quiz has been taken 17 times
  • The average score is 13 of 30

Answer Stats

RankCityBaltic State% Correct
1RigaLatvia
100%
4KaunasLithuania
93%
3TallinnEstonia
93%
2VilniusLithuania
93%
7TartuEstonia
80%
9DaugavpilsLatvia
73%
5KlaipėdaLithuania
53%
15PärnuEstonia
53%
13JūrmalaLatvia
47%
10LiepājaLatvia
47%
12NarvaEstonia
47%
16MarijampolėLithuania
40%
8PanevėžysLithuania
40%
6ŠiauliaiLithuania
40%
17VentspilsLatvia
40%
14AlytusLithuania
33%
18Kohtla-JärveEstonia
33%
19MažeikiaiLithuania
33%
22UtenaLithuania
33%
11JelgavaLatvia
27%
21JonavaLithuania
27%
24KėdainiaiLithuania
27%
23OgreLatvia
27%
20RēzekneLatvia
27%
28TauragėLithuania
27%
29UkmergėLithuania
27%
25ValmieraLatvia
27%
26JēkabpilsLatvia
20%
27TelšiaiLithuania
20%
30SalaspilsLatvia
13%

Score Distribution

Percentile by Number Answered

Percent of People with Each Score

Your Score History

You have not taken this quiz